000 00551nam a2200193Ia 4500
003 GCL
008 140319s9999 xx 000 0 ara d
040 _aGCL /
_cGCL
082 0 4 _a953.0738
_bع ق
100 1 _aعارف تامر
245 1 0 _aالقرامطة بين الالتزام والانكار /
_cعارف تامر
300 _a144 ص
490 _a
650 0 4 _aالدولة الفاطمية
650 0 4 _aالتاريخ الاسلامى
650 0 4 _aالفرق الاسلامية
650 0 4 _aالقرامطة
942 _2ddc
_cBK
999 _c48343
_d48343